[Event "IV Copa Marcel Duchamp 2020"]
[Site "Montevideo"]
[Date "2020.02.09"]
[Round "2.23"]
[White "Muniz, Rafael"]
[Black "Rodriguez Farias, Eduardo"]
[Result "1-0"]
[WhiteElo "2232"]
[BlackElo "1963"]
[Annotator "TA"]
[PlyCount "59"]
[EventDate "2020.02.08"]
[EventType "swiss"]
[EventCountry "URU"]
[SourceTitle "playchess.com"]
[Source "ChessBase"]
[SourceQuality "1"]

{[%evp 16,59,0,0,17,23,16,0,37,37,43,35,43,44,45,8,43,25,19,0,8,-16,14,13,27,11,48,45,36,0,0,0,0,0,12,-16,62,56,989,985,963,977,976,971,989,960]} 1. e4 c5 2. Nf3 Nc6 3. Nc3 Nf6 4. g3 g6 5. d4 cxd4 6. Nxd4 Bg7 7. Nb3 d6 8. Bg2 O-O 9. O-O a6 {B70: Sicilian Dragon: 6 g3 and 6 Be2 (without a later Be3).} 10. h3 Qc7 11. Bg5 Be6 {The position is equal.} 12. Nd5 Bxd5 13. exd5 {[#]} Na5 $146 ({Predecessor:} 13... Ne5 14. Qe2 Rac8 15. c3 h6 16. Be3 Kh7 17. Rae1 Qc4 18. Bd4 Ng8 19. Qd1 Qd3 {1-0 (34) Dourerassou,J (2469)-Ditmas,H (1993) London 2014}) 14. Nxa5 Qxa5 15. Re1 Rfe8 16. c3 e5 17. Qd2 Rac8 18. a3 Qb5 19. Bf1 Qa4 20. c4 b5 21. Bxf6 Bxf6 22. cxb5 axb5 23. Rac1 e4 24. Rc6 $36 {[%mdl 2048] White has good play.} Be5 25. Rec1 e3 (25... Rb8 $11) 26. Qxe3 $14 Bd4 $2 {[%mdl 8192] [#]} (26... Ra8 $14) 27. Rxc8 $18 {White is clearly winning.} Bxe3 28. Rxe8+ Kg7 29. Rxe3 Qd4 30. Rc7 {Accuracy: White = 81%, Black = 49%.} 1-0

[Event "IV Copa Marcel Duchamp 2020"]
[Site "Montevideo"]
[Date "2020.02.09"]
[Round "2.25"]
[White "El Ters, Antouan"]
[Black "Aguilar Samper, Valentin"]
[Result "1/2-1/2"]
[WhiteElo "2189"]
[BlackElo "1946"]
[Annotator "TA"]
[PlyCount "72"]
[EventDate "2020.02.08"]
[EventType "swiss"]
[EventCountry "URU"]
[SourceTitle "playchess.com"]
[Source "ChessBase"]
[SourceQuality "1"]

{[%evp 10,72,28,27,27,30,20,10,10,7,8,8,12,11,9,0,0,-2,0,-3,0,-20,-18,-158,-29,-22,0,0,27,16,35,33,36,39,31,18,39,11,29,7,18,0,4,0,14,21,19,10,19,10,10,10,197,0,0,0,0,0,0,0,0,0,0,0,0]} 1. e4 e6 2. d4 d5 3. Nc3 Bb4 4. exd5 exd5 5. Nf3 Ne7 6. Bd3 O-O {C01: French: Exchange Variation.} 7. O-O Bf5 8. Bg5 {Threatens to win with Bxf5.} f6 9. Bf4 Nbc6 10. Nb5 {[#]} Ba5 $146 ({Predecessor:} 10... Bxd3 11. Qxd3 Ba5 12. c3 a6 13. Na3 Qd7 14. Rae1 Rae8 15. Nc2 Qf5 16. Qd2 Ng6 {1-0 (26) Starostits,I (2470)-Goris,T (2021) Bad Woerishofen 2013}) 11. c3 Qd7 12. Qc2 Bxd3 13. Qxd3 Ng6 14. Bg3 Nce7 15. h3 c6 16. Nd6 {[#]} (16. Na3 $11) 16... b5 ({Worse is} 16... Bc7 17. Nxb7 Bxg3 18. Nc5 $14) (16... f5 $1 $17 {Hoping for ...f4.} 17. Be5 Bc7 18. Nxb7 Bxe5 {[%mdl 64] Discovered Attack}) 17. Rfe1 Bc7 18. Nf5 Nxf5 19. Bxc7 Rfe8 20. Bh2 Nd6 21. Bxd6 Qxd6 22. a4 b4 23. Qa6 bxc3 24. bxc3 Nf4 25. Rab1 Qd7 26. Kh2 Rxe1 (26... Reb8 {is more complex.} 27. Qf1 Rxb1 28. Rxb1 Re8 29. Qa6 Re7) 27. Nxe1 Rc8 28. Rb7 Rc7 29. Rxc7 Qxc7 30. g3 Qe7 $2 (30... Ne6 $11) 31. Nc2 $2 ({Weaker is} 31. Qxc6 Qxe1 32. Qc8+ Kf7 $11) (31. Nf3 $18) 31... Qe2 $1 $11 {[%cal Re2f2][%mdl 64] Double Attack. The position is equal.} 32. Qc8+ {[#]} Kf7 $1 {[%mdl 512]} 33. Qd7+ {[#]} Kg6 $1 {[%mdl 512]} 34. Qg4+ Kf7 35. Qd7+ {[#]} Kg6 $1 {[%mdl 512]} 36. Qg4+ Kf7 {Accuracy: White = 83%, Black = 82%.} 1/2-1/2

[Event "IV Copa Marcel Duchamp 2020"]
[Site "Montevideo"]
[Date "2020.02.09"]
[Round "2.26"]
[White "Coppola, Claudio"]
[Black "Alvarez Ramirez, Miguel Angel"]
[Result "1-0"]
[WhiteElo "2314"]
[BlackElo "2282"]
[Annotator "TA"]
[PlyCount "119"]
[EventDate "2020.02.08"]
[EventType "swiss"]
[EventCountry "URU"]
[SourceTitle "playchess.com"]
[Source "ChessBase"]
[SourceQuality "1"]

{[%evp 15,119,22,24,10,26,-8,21,25,8,17,14,8,18,12,32,24,35,0,0,0,104,0,36,33,36,28,82,41,35,20,62,50,41,47,145,67,82,75,103,72,370,366,360,351,450,438,462,395,394,387,592,586,822,809,791,737,716,593,696,670,706,699,704,664,871,961,1177,1113,976,1127,1143,1088,1123,1068,1126,1124,1095,1056,1046,0,0,0,1034,994,919,891,2008,2004,1928,1872,1725,1687,29978,29979,29979,29980,29984,29985,29985,29986,29986,29987,29988,29989,29991,29990]} 1. d4 Nf6 2. c4 e6 3. g3 c5 4. Nf3 cxd4 5. Nxd4 Qb6 6. Bg2 Bc5 7. e3 Nc6 8. Nb3 Bb4+ 9. Bd2 {A32: Symmetrical English: 2 Nf3 Nf6 3 d4 cxd4 4 Nxd4 e6.} Ne5 10. Qc2 O-O {[#]} 11. Bxb4 $146 {The position is equal.} ({Predecessor:} 11. O-O Bxd2 12. c5 Qc7 13. Qxd2 Rb8 14. Nc3 b5 15. f4 Nc4 16. Qd4 e5 17. Qd3 {0-1 (38) Telea,S (2154)-Turlea,C (1995) Ploiesti 2007}) 11... Qxb4+ {[%mdl 64] Double Attack} 12. N1d2 $1 d5 {[%cal Rd5c4]} 13. cxd5 exd5 14. O-O Bd7 15. Qc5 Qg4 16. Qd4 Qh5 17. Rfc1 Rac8 (17... Rfe8 $11) 18. Nc5 (18. Rxc8 $1 $16 Rxc8 19. Qxa7) 18... Bc6 19. Nd3 $36 {[%mdl 2048] White has the initiative.} Nxd3 20. Qxd3 Rfe8 (20... Ng4 $11 {remains equal.} 21. Nf3 d4) 21. b4 a6 22. a4 Ng4 23. h3 Ne5 24. Qd4 Bd7 (24... Qe2 $14) 25. g4 ({Stronger than} 25. Bxd5 Rcd8 $15) (25. Qxd5 Bc6 $11) (25. Rxc8 $1 $16 Bxc8 26. Qxd5) 25... Qh4 {[#]} 26. Rxc8 $1 ({Not} 26. Qxd5 Bc6 $17) ({Of course not} 26. Bxd5 $6 Qxh3 27. Bg2 Qxg4 $11) 26... Bxc8 27. Qxd5 Bxg4 $2 {[%mdl 8192]} (27... h5 $16 {was necessary.}) 28. hxg4 $18 Nxg4 {[#]} 29. Qf5 $1 Qh2+ 30. Kf1 h5 31. Nf3 Qc7 32. Qc5 Nh2+ (32... Qxc5 {was called for.} 33. bxc5 Rc8) 33. Ke2 Qb8 34. Qxh5 Nxf3 35. Bxf3 Qc8 36. Qc5 Qe6 37. Rd1 Rc8 38. Qd5 Rc2+ 39. Rd2 Rxd2+ 40. Kxd2 Qf6 41. Qxb7 Qb2+ 42. Ke1 Qc1+ 43. Bd1 Qc3+ 44. Kf1 Qd3+ 45. Be2 Qb1+ 46. Kg2 Qg6+ 47. Kf1 Qb1+ 48. Kg2 Qg6+ 49. Kh3 Qh6+ 50. Kg3 g5 51. Qc8+ Kg7 52. Qc3+ Kg8 53. Qd4 Kh7 54. b5 {White mates.} axb5 55. axb5 {[%cal Ba4b5,Bb5b6][%mdl 32]} Qf8 56. Bd3+ Kg8 57. b6 Qb8+ 58. Kg2 Qc8 59. Qe4 f5 60. Qc4+ {Accuracy: White = 80%, Black = 39%.} 1-0

[Event "IV Copa Marcel Duchamp 2020"]
[Site "Montevideo"]
[Date "2020.02.09"]
[Round "2.27"]
[White "Benoit, Rodrigo"]
[Black "Vieira, Alexandre Letizio"]
[Result "1-0"]
[WhiteElo "2170"]
[BlackElo "1722"]
[Annotator "TA"]
[PlyCount "63"]
[EventDate "2020.02.08"]
[EventType "swiss"]
[EventCountry "URU"]
[SourceTitle "playchess.com"]
[Source "ChessBase"]
[SourceQuality "1"]

{[%evp 17,63,39,42,0,29,0,25,-1,36,46,53,72,73,73,82,75,81,69,73,28,37,22,28,22,28,27,27,34,110,65,123,55,78,70,202,192,326,308,452,457,579,382,832,851,789,789,2169,1836]} 1. c4 c5 2. g3 g6 3. Bg2 Bg7 4. Nf3 Nf6 5. O-O O-O 6. d4 cxd4 7. Nxd4 Nc6 8. Nc2 d6 9. Nc3 a6 10. h3 {A38: Symmetrical English vs ...g6: 4 Bg2 Bg7 5 Nf3 Nf6.} Rb8 11. Rb1 Bd7 {[#]} 12. e4 $146 {White has an edge.} ({Predecessor:} 12. a4 Na5 13. b3 Qc8 14. Nd5 Nxd5 15. Qxd5 b5 16. Bd2 Bc6 17. Qg5 Bf6 18. Qe3 Bxg2 19. Kxg2 {½-½ (61) Luksza,A (2069)-Libersan,T (1996) Montreal 2019}) 12... Ne5 13. b3 (13. c5 $5) 13... Qc8 14. f4 Nc6 15. Kh2 $1 Ng4+ {[%mdl 64] Discovered Attack} 16. hxg4 Bxc3 17. g5 b5 18. Qd3 Bg7 19. Bd2 bxc4 20. bxc4 Rxb1 21. Rxb1 Qc7 22. Ne3 e6 (22... Qa7 $14) 23. Qa3 Rb8 {[#]} ({Better is} 23... f6 $14) 24. Rxb8+ (24. Rd1 $1 $16) 24... Qxb8 $14 25. Qxa6 Qb2 (25... h5 $14) 26. Qa8+ $18 Bf8 {[#]} (26... Qb8 $142 27. Qxb8+ Nxb8) 27. Ng4 $1 {[%cal Rg4f6]} Qb8 (27... Kg7 {was necessary.} 28. Nf6 Nb8) 28. Nf6+ Kg7 29. Qa4 Qc7 $2 (29... Qc8 30. e5 Nxe5) 30. Bc3 {And now Ne8+ would win.White is clearly winning.} e5 31. Bh3 exf4 32. Nxd7+ {Accuracy: White = 67%, Black = 32%.} 1-0

[Event "IV Copa Marcel Duchamp 2020"]
[Site "Montevideo"]
[Date "2020.02.09"]
[Round "2.28"]
[White "Moccero, Eduardo"]
[Black "Labrador Avendano, Angie Jhoana"]
[Result "1-0"]
[WhiteElo "1926"]
[BlackElo "1638"]
[Annotator "NA RC"]
[PlyCount "65"]
[EventDate "2020.02.08"]
[EventType "swiss"]
[EventCountry "URU"]
[SourceTitle "playchess.com"]
[Source "ChessBase"]
[SourceQuality "1"]
[TimeControl "5400+30"]

1. d4 d5 {[%emt 0:03:00]} 2. Nf3 {[%emt 0:00:10]} Nf6 {[%emt 0:00:33]} 3. e3 {[%emt 0:00:32]} Bg4 {[%emt 0:02:28]} 4. h3 {[%emt 0:00:43]} Bh5 {[%emt 0:00:18]} 5. g4 {[%emt 0:00:10]} Bg6 {[%emt 0:00:20]} 6. Ne5 {[%emt 0:00:59] D04: Colle System.} Nbd7 {[%emt 0:02:10]} 7. h4 {[%emt 0:00:11]} h5 {[%emt 0:16:49]} (7... e6 $142) 8. Nxg6 {[%emt 0:01:06]} fxg6 {[%emt 0:00:07]} 9. Bd3 {[%emt 0:01:27]} Kf7 {[%emt 0:15:38]} 10. g5 {[%emt 0:01:56]} Ne4 {[%emt 0:03:16]} 11. Qf3+ {[%emt 0:01:20]} Kg8 {[%emt 0:03:34]} 12. Nd2 {[%emt 0:02:26] [#]} Qe8 $146 {[%emt 0:24:24]} ({Predecessor:} 12... e5 13. Nxe4 dxe4 14. Qxe4 Qe8 15. Qxg6 Qxg6 16. Bxg6 Bd6 17. Bd2 exd4 18. exd4 Nf8 {1-0 (42) Liesmann,K (2006)-Ringwelski,M (1998) Germany 2017}) 13. Nxe4 {[%emt 0:01:44]} dxe4 {[%emt 0:00:09]} 14. Qxe4 {[%emt 0:03:01]} c6 {[%emt 0:00:36]} 15. Qxg6 {[%emt 0:05:54]} Qxg6 {[%emt 0:03:29]} 16. Bxg6 {[%emt 0:00:16]} e6 {[%emt 0:00:35]} 17. Bd2 {[%emt 0:00:53]} Bd6 {[%emt 0:01:50]} 18. O-O-O {[%emt 0:01:15]} Kf8 {[%emt 0:00:23]} 19. f4 {[%emt 0:01:03]} Ke7 {[%emt 0:00:57]} 20. Rhf1 {[%emt 0:02:38]} Nf8 {[%emt 0:01:57]} 21. Bd3 {[%emt 0:00:23]} g6 {[%emt 0:00:27]} 22. Rf3 $18 {[%emt 0:03:32]} Rd8 {[%emt 0:05:55]} 23. e4 Bc7 24. f5 {[%emt 0:04:26]} Rg8 {[%emt 0:03:15]} 25. Bb4+ {[%emt 0:04:01]} Bd6 {[%emt 0:04:50]} 26. Bc3 {[%emt 0:00:30]} Bc7 {[%emt 0:04:35]} 27. fxe6 {[%emt 0:01:44]} Nxe6 {[%emt 0:00:15]} 28. Bc4 {[%emt 0:05:11]} Rgf8 29. Rdf1 Bf4+ {[%emt 0:02:02]} 30. Kb1 {[%emt 0:02:33]} Nxd4 {[%emt 0:00:23]} 31. Rxf4 {[%emt 0:00:37]} Rxf4 {[%emt 0:00:05]} 32. Rxf4 {[%emt 0:02:07]} Nb5 {[%emt 0:00:50]} 33. Bf6+ {[%emt 0:00:09]} 1-0

[Event "IV Copa Marcel Duchamp 2020"]
[Site "Montevideo"]
[Date "2020.02.09"]
[Round "2.29"]
[White "Santiso, Daniel"]
[Black "Cardozo, Lucas"]
[Result "1-0"]
[WhiteElo "1900"]
[BlackElo "2052"]
[Annotator "NA RC"]
[PlyCount "65"]
[EventDate "2020.02.08"]
[EventType "swiss"]
[EventCountry "URU"]
[SourceTitle "playchess.com"]
[Source "ChessBase"]
[SourceQuality "1"]
[TimeControl "5400+30"]

1. d4 {[%emt 0:00:00]} d5 {[%emt 0:02:14]} 2. Bf4 {[%emt 0:00:37]} e6 {[%emt 0:01:25]} 3. e3 {[%emt 0:01:14]} Nf6 {[%emt 0:03:30]} 4. Bd3 {[%emt 0:02:13]} b6 {[%emt 0:21:52]} 5. c3 {[%emt 0:12:09]} Ba6 {[%emt 0:07:32]} 6. Bxa6 {[%emt 0:02:00] [#] D00: 1 d4 d5: Unusual lines.} Be7 $146 {[%emt 0:13:24]} ({Predecessor:} 6... Nxa6 7. Qa4+ c6 8. Qxa6 Qd7 9. Qe2 Be7 10. Nf3 O-O 11. Ne5 Qc8 12. Nd2 c5 13. dxc5 bxc5 {1-0 (37) Ristoja,A (1558)-Cassidy,S (1599) Mali Losinj 2019}) 7. Bb7 {[%emt 0:00:33]} Nbd7 {[%emt 0:06:43]} 8. Bxa8 {[%emt 0:00:17]} Qxa8 {[%emt 0:00:09]} 9. Bxc7 {[%emt 0:00:33]} Qc6 {[%emt 0:00:14]} 10. Be5 {[%emt 0:02:31]} Qb5 {[%emt 0:14:16]} 11. Qe2 {[%emt 0:00:48]} Qc6 {[%emt 0:02:27]} 12. Nd2 {[%emt 0:01:42]} O-O {[%emt 0:02:29]} 13. Ngf3 {[%emt 0:02:05]} Ne4 {[%emt 0:03:12]} 14. Nxe4 {[%emt 0:03:03]} dxe4 {[%emt 0:00:08]} 15. Nd2 {[%emt 0:00:08]} Nxe5 {[%emt 0:05:12]} 16. dxe5 {[%emt 0:00:11]} Qd5 {[%emt 0:00:13]} 17. Qc4 {[%emt 0:03:27]} Qxe5 {[%emt 0:04:31]} 18. Qxe4 {[%emt 0:00:52]} Qb5 {[%emt 0:00:14]} 19. Qc2 {[%emt 0:07:03]} Rd8 {[%emt 0:03:24]} 20. Rd1 {[%emt 0:01:59]} Qd5 {[%emt 0:03:06]} 21. Nf3 {[%emt 0:00:46]} Qxa2 {[%emt 0:00:22]} 22. Rxd8+ {[%emt 0:00:10]} Bxd8 {[%emt 0:00:10]} 23. O-O {[%emt 0:00:05]} Bf6 {[%emt 0:01:16]} 24. Rd1 {[%emt 0:00:55]} g6 {[%emt 0:01:02]} 25. h3 {[%emt 0:00:26]} Kg7 {[%emt 0:00:17]} 26. Nd2 {[%emt 0:01:12]} b5 {[%emt 0:01:33]} 27. Ne4 {[%emt 0:00:25]} Be7 {[%emt 0:00:28]} 28. Rd7 {[%emt 0:00:53]} Ba3 {[%emt 0:01:42]} 29. Qd2 $18 {[%emt 0:04:06]} Qb1+ {[%emt 0:00:30]} 30. Kh2 {[%emt 0:00:23]} Qxe4 {[%emt 0:00:13]} 31. bxa3 {[%emt 0:00:09]} Qa4 {[%emt 0:00:49]} 32. Qd4+ {[%emt 0:00:16]} Qxd4 {[%emt 0:00:05]} 33. exd4 {[%emt 0:00:15]} 1-0

[Event "IV Copa Marcel Duchamp 2020"]
[Site "Montevideo"]
[Date "2020.02.09"]
[Round "2.30"]
[White "Reolon, Victor"]
[Black "Avedisian, Alexander"]
[Result "0-1"]
[WhiteElo "1644"]
[BlackElo "1892"]
[Annotator "NA RC"]
[PlyCount "104"]
[EventDate "2020.02.08"]
[EventType "swiss"]
[EventCountry "URU"]
[SourceTitle "playchess.com"]
[Source "ChessBase"]
[SourceQuality "1"]
[TimeControl "5400+30"]

1. d4 {[%emt 0:00:31]} Nf6 {[%emt 0:00:00]} 2. c4 {[%emt 0:00:19]} g6 {[%emt 0:00:00]} 3. g3 {[%emt 0:00:45]} Bg7 {[%emt 0:00:02]} 4. Bg2 {[%emt 0:00:08]} O-O {[%emt 0:00:16]} 5. Nf3 {[%emt 0:00:26]} d6 {[%emt 0:00:16]} 6. b3 {[%emt 0:01:51]} c5 {[%emt 0:00:36]} 7. Bb2 {[%emt 0:01:08]} Nc6 {[%emt 0:00:34] 7...Qa5+ is a critical line.} 8. d5 {[%emt 0:04:16] E60: King's Indian: Unusual lines and Fianchetto Variation without Nc3.} Na5 {[%emt 0:04:50]} 9. Nbd2 {[%emt 0:05:18] [#]} b5 $146 {[%emt 0:02:31]} ({Predecessor:} 9... a6 10. O-O Rb8 11. Re1 b5 12. Rc1 Bd7 13. e4 e5 14. dxe6 Bxe6 15. e5 Ng4 16. cxb5 axb5 {1-0 (31) Bispo,L (2223)-Chang,S (2098) Guarapari 2017}) 10. a3 {[%emt 0:10:10]} ({White should try} 10. Bc3 $14) 10... Rb8 {[%emt 0:03:24]} 11. cxb5 {[%emt 0:04:49]} Rxb5 {[%emt 0:07:49]} 12. O-O {[%emt 0:00:40]} Nxd5 {[%emt 0:02:09]} 13. Bxg7 {[%emt 0:02:43]} Kxg7 {[%emt 0:00:09]} 14. Qc2 {[%emt 0:09:41]} Kg8 {[%emt 0:07:55]} 15. Rfb1 {[%emt 0:06:37]} Ba6 {[%emt 0:07:17]} 16. Ng5 {[%emt 0:02:35]} e6 {[%emt 0:10:10]} 17. h4 {[%emt 0:02:00]} Nc6 {[%emt 0:02:31]} 18. e3 {[%emt 0:05:07]} Ne5 {[%emt 0:03:25]} 19. Nc4 {[%emt 0:05:37]} Ng4 {[%emt 0:09:39]} 20. Bh3 {[%emt 0:05:51]} Ngf6 {[%emt 0:04:51]} 21. Rd1 {[%emt 0:02:43]} Ne8 $2 {[%emt 0:16:47] [#]} (21... Rb8 $1 $11 {and Black stays safe.}) 22. Nxe6 $1 {[%emt 0:10:54]} Nxe3 {[%emt 0:00:22]} 23. Nxe3 {[%emt 0:05:27]} ({Stronger than} 23. Nxd8 Nxc2 24. Rab1 Nd4 $17) (23. fxe3 fxe6 24. Bxe6+ Kg7 $11) 23... fxe6 {[%emt 0:00:14]} 24. Bxe6+ {[%emt 0:00:18]} Kg7 {[%emt 0:00:44] [#]} 25. Ng4 {[%emt 0:03:01]} ({Not} 25. a4 Rb8 $14) (25. Bc4 $1 $18) 25... Rb6 {[%emt 0:02:41] [#]} (25... h5 $16) 26. Qd2 {[%emt 0:00:42]} ({Better is} 26. b4 $1 $18 {[%cal Rb4c5]} c4 27. Qb2+ (27. Bxc4 Nf6 $16) 27... Nf6 28. Rac1) 26... Qe7 {[%emt 0:02:12]} (26... Kh8 $16) 27. Re1 {[%emt 0:00:10]} Kh8 {[%emt 0:02:07]} 28. Bd5 {[%emt 0:01:43]} Qg7 {[%emt 0:00:34]} 29. Rab1 {[%emt 0:01:12]} Bc8 {[%emt 0:01:06]} 30. Qe2 {[%emt 0:02:34]} Nf6 {[%emt 0:00:46]} 31. Nxf6 {[%emt 0:00:26]} Qxf6 {[%emt 0:00:09]} 32. Qb2 {[%emt 0:00:33]} Qxb2 {[%emt 0:00:52]} 33. Rxb2 {[%emt 0:00:01]} Bb7 {[%emt 0:01:04]} 34. Bxb7 {[%emt 0:00:55]} Rxb7 {[%emt 0:00:05]} 35. Re6 {[%emt 0:00:49]} Rd8 {[%emt 0:01:29]} 36. Re3 {[%emt 0:02:33]} c4 {[%emt 0:00:47]} 37. b4 {[%emt 0:01:05]} d5 {[%emt 0:00:24]} 38. Rbe2 {[%emt 0:00:13]} d4 {[%emt 0:01:10]} 39. Rd2 {[%emt 0:00:45]} Kg7 {[%emt 0:00:23]} 40. Re4 {[%emt 0:00:11]} Rbd7 {[%emt 0:00:39]} 41. Kf1 {[%emt 0:00:32]} c3 {[%emt 0:01:15]} 42. Rd3 {[%emt 0:01:12]} Rc8 {[%emt 0:02:04]} 43. Re1 {[%emt 0:00:33]} Kf6 {[%emt 0:01:22]} 44. Rf3+ {[%emt 0:00:32]} Kg7 {[%emt 0:00:16]} 45. Rd3 {[%emt 0:00:09]} Rc6 {[%emt 0:01:19]} 46. Rc1 {[%emt 0:01:11] [#]} Kf6 $19 {[%emt 0:00:29]} 47. Re1 {[%emt 0:00:16]} Kf5 {[%emt 0:01:22]} 48. Rf3+ {[%emt 0:00:34]} Kg4 {[%emt 0:00:55]} 49. Kg2 {[%emt 0:00:30]} c2 {[%emt 0:01:20]} 50. Rf4+ {[%emt 0:01:55]} Kh5 {[%emt 0:00:08]} 51. g4+ {[%emt 0:00:39]} Kh6 {[%emt 0:00:14]} 52. Rc1 {[%emt 0:00:28]} d3 {[%emt 0:00:12]} 0-1

[Event "IV Copa Marcel Duchamp 2020"]
[Site "Montevideo"]
[Date "2020.02.09"]
[Round "2.31"]
[White "Pustilnik, Iber"]
[Black "Vassallo, Julio"]
[Result "1-0"]
[WhiteElo "1892"]
[BlackElo "1630"]
[Annotator "NA RC"]
[PlyCount "53"]
[EventDate "2020.02.08"]
[EventType "swiss"]
[EventCountry "URU"]
[SourceTitle "playchess.com"]
[Source "ChessBase"]
[SourceQuality "1"]
[TimeControl "5400+30"]

1. Nf3 {[%emt 0:00:00]} Nf6 {[%emt 0:00:00]} 2. d4 {[%emt 0:00:00]} e6 {[%emt 0:00:11]} 3. c4 {[%emt 0:00:00]} d5 {[%emt 0:00:35]} 4. g3 {[%emt 0:00:00]} Be7 {[%emt 0:00:59]} 5. Bg2 {[%emt 0:00:00]} O-O {[%emt 0:00:29]} 6. O-O {[%emt 0:01:01]} dxc4 {[%emt 0:00:35]} 7. a4 {[%emt 0:01:11] [#] E05: Open Catalan: 5 Nf3 Be7.} a5 $146 {[%emt 0:05:43]} ({Predecessor:} 7... Nc6 8. a5 Rb8 9. Qc2 Nxd4 10. Nxd4 Qxd4 11. Rd1 Qc5 12. Be3 Qb4 13. Ra4 Qb3 14. Rxc4 Qxc2 15. Rxc2 {½-½ (24) Caruana,F (2822)-Dominguez Perez,L (2739) Saint Louis 2018}) 8. Qc2 {[%emt 0:04:29]} Na6 {[%emt 0:04:18]} 9. Qxc4 {[%emt 0:02:44]} Rb8 {[%emt 0:05:42]} 10. Nc3 {[%emt 0:04:49]} b6 {[%emt 0:07:55]} 11. Ne5 {[%emt 0:17:05]} Nb4 {[%emt 0:14:49]} 12. Nb5 {[%emt 0:24:20]} Ba6 {[%emt 0:15:25]} 13. Bd2 {[%emt 0:08:17]} Rc8 {[%emt 0:17:19]} 14. Bxb4 Bxb4 {[%emt 0:00:24]} 15. Nc6 {[%emt 0:05:23]} Bxb5 {[%emt 0:06:55]} 16. axb5 {[%emt 0:01:41]} Qd7 {[%emt 0:07:46]} 17. e4 {[%emt 0:11:13]} Rfe8 {[%emt 0:04:16]} 18. Rfd1 {[%emt 0:01:01]} h6 {[%emt 0:03:01]} 19. Rac1 $18 {[%emt 0:01:34]} ({Don't play} 19. Nxb4 $6 axb4 20. Qxb4 Red8 $16) 19... Kh8 {[%emt 0:01:02]} 20. Na7 {[%emt 0:01:59]} c5 {[%emt 0:00:58]} 21. Nxc8 {[%emt 0:00:47]} Qxc8 {[%emt 0:00:11]} 22. d5 {[%emt 0:00:26]} exd5 {[%emt 0:00:31]} 23. exd5 {[%emt 0:00:13]} Qf5 {[%emt 0:01:14]} 24. Qf4 {[%emt 0:05:09]} Qxf4 {[%emt 0:00:39]} 25. gxf4 {[%emt 0:00:07]} Re2 {[%emt 0:00:11]} 26. d6 {[%emt 0:00:23]} Nd7 {[%emt 0:00:43]} 27. Bc6 {[%emt 0:00:31]} 1-0

[Event "IV Copa Marcel Duchamp 2020"]
[Site "Montevideo"]
[Date "2020.02.09"]
[Round "2.32"]
[White "Pelaez, Diego"]
[Black "Belistri, Ubaldo"]
[Result "1/2-1/2"]
[WhiteElo "1607"]
[BlackElo "1877"]
[Annotator "NA RC"]
[PlyCount "73"]
[EventDate "2020.02.08"]
[EventType "swiss"]
[EventCountry "URU"]
[SourceTitle "playchess.com"]
[Source "ChessBase"]
[SourceQuality "1"]
[TimeControl "5400+30"]

{[%evp 8,70,77,53,32767,32767,32767,63,61,32767,50,32767,0,-8,0,0,0,32767,32767,32767,32767,4,9,32767,32767,32767,32767,32767,0,32767,-8,32767,32767,163,170,144,144,32767,32767,160,161,51,47,40,399,160,32767,32767,32767,32767,32767,32767,32767,10,8,8,12,0,0,0,0,0,32767,0,0]} 1. d4 {[%emt 0:02:22]} Nf6 {[%emt 0:00:00]} 2. c4 {[%emt 0:00:27]} c5 {[%emt 0:00:17]} 3. d5 {[%emt 0:00:10]} e6 {[%emt 0:00:33]} 4. Nc3 {[%emt 0:00:16]} exd5 {[%emt 0:00:27]} 5. cxd5 {[%emt 0:00:21]} d6 {[%emt 0:00:25]} 6. e4 {[%emt 0:00:11]} g6 {[%emt 0:00:18]} 7. Nf3 {[%emt 0:01:33]} Bg7 {[%emt 0:00:14]} 8. Bb5+ {[%emt 0:02:13]} Bd7 {[%emt 0:03:16]} 9. Bxd7+ {[%emt 0:06:41]} Nbxd7 {[%emt 0:08:11]} 10. O-O {[%emt 0:00:26]} O-O {[%emt 0:00:26] A70: Modern Benoni: 6 e4 g6 7 Nf3.} 11. Bf4 {[%emt 0:02:57]} Re8 {[%emt 0:02:43]} 12. Re1 {[%emt 0:00:51]} Qb6 {[%emt 0:01:05]} 13. Rb1 {[%emt 0:02:03] [#]} Nh5 $146 {[%emt 0:01:05]} ({Predecessor:} 13... Ng4 14. Nd2 Nge5 15. Qe2 a6 16. Be3 Nf6 17. h3 Qc7 18. f4 Ned7 19. a4 Rab8 {0-1 (54) Straub,N (2316)-Alexandrova,O (2265) Alushta 1999}) 14. Bd2 {[%emt 0:07:09]} Ne5 {[%emt 0:04:40]} 15. Nxe5 {[%emt 0:03:42]} Bxe5 {[%emt 0:00:22]} 16. Qg4 {[%emt 0:05:33]} Qd8 {[%emt 0:06:44]} 17. f4 {[%emt 0:04:14]} Bd4+ {[%emt 0:04:18]} 18. Kh1 {[%emt 0:00:36]} Nf6 {[%emt 0:04:40]} 19. Qf3 {[%emt 0:03:58]} b5 {[%emt 0:03:04]} 20. Nxb5 {[%emt 0:02:50]} Qb6 {[%emt 0:02:33]} 21. Nxd4 {[%emt 0:00:15]} cxd4 {[%emt 0:00:14]} 22. e5 {[%emt 0:01:39]} Nh5 {[%emt 0:03:47]} 23. e6 {[%emt 0:03:09]} f5 {[%emt 0:00:20] [#]} 24. g4 {[%emt 0:11:13]} (24. Red1 $1 $18) 24... fxg4 {[%emt 0:00:45]} 25. Qxg4 {[%emt 0:00:18]} Nf6 $2 {[%emt 0:00:19]} ({Better is} 25... Qb5 $14) 26. Qg2 {[%emt 0:00:30]} (26. Qg5 $18 {and the rest is easy.}) 26... Qb7 {[%emt 0:01:03]} 27. Rg1 {[%emt 0:06:57]} Rac8 {[%emt 0:09:11]} 28. f5 {[%emt 0:06:19]} Rc2 {[%emt 0:02:14]} 29. fxg6 {[%emt 0:01:16]} Qxd5 {[%emt 0:00:22]} 30. gxh7+ {[%emt 0:06:21]} Kxh7 {[%emt 0:01:41]} 31. Qxd5 {[%emt 0:00:37]} Nxd5 {[%emt 0:00:19]} 32. Rg2 {[%emt 0:00:31]} Rxe6 {[%emt 0:00:54]} 33. Rbg1 {[%emt 0:00:29]} Ne3 {[%emt 0:02:42]} 34. Rg7+ {[%emt 0:01:45]} Kh6 {[%emt 0:00:51] [#]} 35. R7g3 $11 {[%emt 0:01:35]} ({White should try} 35. R7g4 $1 $16 {[%cal Rg4h4]} Kh7 36. Rxd4) 35... Kh7 {[%emt 0:02:34]} 36. Rg7+ {[%emt 0:01:05]} Kh6 {[%emt 0:00:21]} 37. R7g3 1/2-1/2